<?xml version="1.0" encoding="UTF-8"?>
<collection xmlns="http://www.loc.gov/MARC21/slim">
 <record>
  <leader>01981nam a22002777a 4500</leader>
  <controlfield tag="001">NCT_64712</controlfield>
  <controlfield tag="008">190516b        xxu||||| |||| 00| 0 vie d</controlfield>
  <datafield tag="999" ind1=" " ind2=" ">
   <subfield code="c">3134</subfield>
   <subfield code="d">3134</subfield>
  </datafield>
  <datafield tag="020" ind1=" " ind2=" ">
   <subfield code="a">9786049226137</subfield>
   <subfield code="c">85000</subfield>
  </datafield>
  <datafield tag="082" ind1="0" ind2="4">
   <subfield code="2">23rd ed.</subfield>
   <subfield code="a">657.61</subfield>
   <subfield code="b">K250T</subfield>
  </datafield>
  <datafield tag="245" ind1="0" ind2="0">
   <subfield code="a">Kế toán hành chính sự nghiệp </subfield>
   <subfield code="b">(Cập nhật theo Thông tư 107/2017/TT-BTC ngày 10/10/2017 của Bộ Tài chính)</subfield>
   <subfield code="c">Mai Thị Hoàng Minh, ...[et al.]</subfield>
  </datafield>
  <datafield tag="260" ind1=" " ind2=" ">
   <subfield code="a">Tp. Hồ Chí Minh</subfield>
   <subfield code="b">Kinh tế Tp. Hồ Chí Minh</subfield>
   <subfield code="c">2018</subfield>
  </datafield>
  <datafield tag="300" ind1=" " ind2=" ">
   <subfield code="a">287 tr.</subfield>
   <subfield code="c">24cm</subfield>
  </datafield>
  <datafield tag="500" ind1=" " ind2=" ">
   <subfield code="a">ĐTTS ghi: Trường Đại học Kinh tế TP. Hồ Chí Minh</subfield>
  </datafield>
  <datafield tag="520" ind1="3" ind2=" ">
   <subfield code="a">Sách bổ sung hệ thống 100 câu hỏi trắc nghiệm, 35 bài tập tự thực hành và giải ôn tập tại nhà, 30 sơ đồ tài khoản chữ T tổng hợp và 12 ví dụ đã được giải minh họa theo hướng dẫn của chế độ kế toán này.</subfield>
  </datafield>
  <datafield tag="653" ind1=" " ind2=" ">
   <subfield code="a">Kế toán</subfield>
  </datafield>
  <datafield tag="700" ind1="1" ind2=" ">
   <subfield code="a">Mai Thị Hoàng Minh</subfield>
  </datafield>
  <datafield tag="700" ind1="1" ind2=" ">
   <subfield code="a">Phan Thị Thúy Quỳnh</subfield>
  </datafield>
  <datafield tag="700" ind1="1" ind2=" ">
   <subfield code="a">Lê Thị Cẩm Hồng</subfield>
  </datafield>
  <datafield tag="942" ind1=" " ind2=" ">
   <subfield code="2">ddc</subfield>
   <subfield code="c">BK</subfield>
  </datafield>
  <datafield tag="952" ind1=" " ind2=" ">
   <subfield code="0">0</subfield>
   <subfield code="1">0</subfield>
   <subfield code="2">ddc</subfield>
   <subfield code="4">0</subfield>
   <subfield code="6">657_610000000000000_K250T</subfield>
   <subfield code="7">0</subfield>
   <subfield code="9">16895</subfield>
   <subfield code="a">000001</subfield>
   <subfield code="b">000001</subfield>
   <subfield code="d">2019-05-16</subfield>
   <subfield code="o">657.61 K250T</subfield>
   <subfield code="p">MD.15426</subfield>
   <subfield code="r">2019-05-16</subfield>
   <subfield code="v">85000.00</subfield>
   <subfield code="w">2019-05-16</subfield>
   <subfield code="y">BK</subfield>
  </datafield>
  <datafield tag="952" ind1=" " ind2=" ">
   <subfield code="0">0</subfield>
   <subfield code="1">0</subfield>
   <subfield code="2">ddc</subfield>
   <subfield code="4">0</subfield>
   <subfield code="6">657_610000000000000_K250T</subfield>
   <subfield code="7">0</subfield>
   <subfield code="9">16896</subfield>
   <subfield code="a">000001</subfield>
   <subfield code="b">000001</subfield>
   <subfield code="d">2019-05-16</subfield>
   <subfield code="o">657.61 K250T</subfield>
   <subfield code="p">MD.15427</subfield>
   <subfield code="r">2019-05-16</subfield>
   <subfield code="v">85000.00</subfield>
   <subfield code="w">2019-05-16</subfield>
   <subfield code="y">BK</subfield>
  </datafield>
  <datafield tag="952" ind1=" " ind2=" ">
   <subfield code="0">0</subfield>
   <subfield code="1">0</subfield>
   <subfield code="2">ddc</subfield>
   <subfield code="4">0</subfield>
   <subfield code="6">657_610000000000000_K250T</subfield>
   <subfield code="7">0</subfield>
   <subfield code="9">16897</subfield>
   <subfield code="a">000001</subfield>
   <subfield code="b">000001</subfield>
   <subfield code="d">2019-05-16</subfield>
   <subfield code="o">657.61 K250T</subfield>
   <subfield code="p">MD.15428</subfield>
   <subfield code="r">2019-05-16</subfield>
   <subfield code="v">85000.00</subfield>
   <subfield code="w">2019-05-16</subfield>
   <subfield code="y">BK</subfield>
  </datafield>
  <datafield tag="952" ind1=" " ind2=" ">
   <subfield code="0">0</subfield>
   <subfield code="1">0</subfield>
   <subfield code="2">ddc</subfield>
   <subfield code="4">0</subfield>
   <subfield code="6">657_610000000000000_K250T</subfield>
   <subfield code="7">0</subfield>
   <subfield code="9">16898</subfield>
   <subfield code="a">000001</subfield>
   <subfield code="b">000001</subfield>
   <subfield code="d">2019-05-16</subfield>
   <subfield code="o">657.61 K250T</subfield>
   <subfield code="p">MD.15429</subfield>
   <subfield code="r">2019-05-16</subfield>
   <subfield code="v">85000.00</subfield>
   <subfield code="w">2019-05-16</subfield>
   <subfield code="y">BK</subfield>
  </datafield>
  <datafield tag="952" ind1=" " ind2=" ">
   <subfield code="0">0</subfield>
   <subfield code="1">0</subfield>
   <subfield code="2">ddc</subfield>
   <subfield code="4">0</subfield>
   <subfield code="6">657_610000000000000_K250T</subfield>
   <subfield code="7">0</subfield>
   <subfield code="9">16899</subfield>
   <subfield code="a">000001</subfield>
   <subfield code="b">000001</subfield>
   <subfield code="d">2019-05-16</subfield>
   <subfield code="o">657.61 K250T</subfield>
   <subfield code="p">MD.15430</subfield>
   <subfield code="r">2019-05-16</subfield>
   <subfield code="v">85000.00</subfield>
   <subfield code="w">2019-05-16</subfield>
   <subfield code="y">BK</subfield>
  </datafield>
  <datafield tag="980" ind1=" " ind2=" ">
   <subfield code="a">Thư viện Trường Đại học Nam Cần Thơ</subfield>
  </datafield>
 </record>
</collection>
